Sermones morales (Record no. 8610)
[ view plain ]
| 000 -CABECERA | |
|---|---|
| campo de control de longitud fija | 01240nam a2200265 a 4500 |
| 001 - NÚMERO DE CONTROL | |
| campo de control | BRCA_8959 |
| 005 - FECHA Y HORA DE LA ÚLTIMA TRANSACCIÓN | |
| campo de control | 20190320210455.0 |
| 008 - DATOS DE LONGITUD FIJA--INFORMACIÓN GENERAL | |
| campo de control de longitud fija | 050717s1774----sp-#######---#000-0#spa-# |
| 041 ## - CÓDIGO DE LENGUA | |
| Código de lengua del texto/banda sonora o título independiente | spa |
| 044 ## - CÓDIGO DEL PAÍS DE LA ENTIDAD EDITORA/PRODUCTORA | |
| Código MARC del país | sp |
| 084 ## - OTRO NÚMERO DE CLASIFICACIÓN | |
| Número de clasificación | BE148 |
| Número de documento/Ítem | .F54 1774 |
| 100 1# - ENTRADA PRINCIPAL--NOMBRE DE PERSONA | |
| Nombre de persona | Flecher, Espiritu |
| 9 (RLIN) | 21901 |
| 245 10 - MENCIÓN DE TÍTULO | |
| Título | Sermones morales |
| Mención de responsabilidad, etc. | predicados delante del rey por el Ilmo. Señor Espiritu Flecher, Obispo de Nimes, con sus discursos sinodales, y otros sermones predicados en la Apertura de los Estados de Lenguadoc, y en su cCatedrla; traducidos del francés al español por Don Juan Arribas y Soria... |
| 260 ## - PUBLICACIÓN, DISTRIBUCIÓN, ETC. | |
| Lugar de publicación, distribución, etc. | Madrid |
| Nombre del editor, distribuidor, etc. | En la oficina de la Viuda de Manuel Fernández |
| Fecha de publicación, distribución, etc. | 1774 |
| 300 ## - DESCRIPCIÓN FÍSICA | |
| Extensión | [2], 302 p. (t.6) |
| Dimensiones | 21 x 14.5 cm |
| 500 ## - NOTA GENERAL | |
| Nota general | Con privilegio para seis tomos |
| 500 ## - NOTA GENERAL | |
| Nota general | En portada: Se hallará en la Librería de Manuel de Godos, en las Gradas de San Phelipe el Real |
| 500 ## - NOTA GENERAL | |
| Nota general | Estado físico: presenta encuadernación en pergamino con presencia del pez de plata |
| 505 0# - NOTA DE CONTENIDO CON FORMATO | |
| Nota de contenido con formato | Contiene: Tomo II. de los morales, y VI. de la obra |
| 650 14 - PUNTO DE ACCESO ADICIONAL DE MATERIA--TÉRMINO DE MATERIA | |
| Término de materia o nombre geográfico como elemento de entrada | Sermones |
| Subdivisión cronológica | Obras anteriores a 1800 |
| 9 (RLIN) | 21369 |
| 700 1# - PUNTO DE ACCESO ADICIONAL--NOMBRE DE PERSONA | |
| Nombre de persona | Arribas y Soria, Juan de |
| Término indicativo de función/relación | tr. |
| 9 (RLIN) | 22258 |
| 700 1# - PUNTO DE ACCESO ADICIONAL--NOMBRE DE PERSONA | |
| Nombre de persona | Fernández, Manuel |
| Títulos y otros términos asociados al nombre | Viuda |
| Término indicativo de función/relación | Impresor |
| 9 (RLIN) | 22259 |
| 902 ## - CATALOGADOR | |
| Iniciales | CFM |
| 942 ## - ELEMENTOS DE PUNTO DE ACCESO ADICIONAL (KOHA) | |
| Fuente del sistema de clasificación o colocación | Library of Congress Classification |
| Tipo de ítem Koha | Libros |
| Estado de retiro | Estado de pérdida | Estado dañado | No para préstamo | Localización permanente | Ubicación/localización actual | Fecha de adquisición | Total de préstamos | Signatura topográfica completa | Código de barras | Fecha visto por última vez | Precio válido a partir de | Tipo de ítem Koha |
|---|---|---|---|---|---|---|---|---|---|---|---|---|
| El ejemplar forma parte de la colección y puede ser consultado según las políticas vigentes. | Biblioteca del Museo Franz Mayer (Rogerio Casas-Alatriste) | Biblioteca del Museo Franz Mayer (Rogerio Casas-Alatriste) | 05/07/2017 | BE148 .F54 1774 | CFM00368 | 22/03/2019 | 22/03/2019 | Libros |